Statistics for Top 20 Dead NBA Players Ever

Click here to take the quiz!

General Stats

  • This quiz has been taken 52 times
  • The average score is 8 of 20

Answer Stats

Rank. TeamAODAnswer% Correct
1. LAL41Kobe Bryant
96%
2. GSW63Wilt Chamberlain
93%
3. LAL86Elgin Baylor
69%
4. HOU60Moses Malone
58%
5. MNL80George Mikan
53%
6. BOS79John Havlicek
53%
9. WAS74Wes Unseld
49%
8. UTA40Pete Maravich
44%
17. BOS88K.C. Jones
42%
11. BOS88Sam Jones
42%
16. BOS52Dennis Johnson
36%
15. GSW74Nate Thurmond
33%
7. PHI87Dolph Schayes
31%
10. GSW78Paul Arizin
31%
18. BOS87Bill Sharman
29%
12. NYK62Dave DeBusschere
29%
13. PHI81Hal Greer
27%
14. SAC78Jack Twyman
18%
20. STL83Ed Macauley
11%
19. IND71Mel Daniels
2%

Score Distribution

Percentile by Number Answered

Percent of People with Each Score

Your Score History

You have not taken this quiz